Loading...
| Literature - European Literature | 1 | 3 | 0 | 0 | 45 | 73 | 102.50 | 0 | 3 |
| History - American History | 0 | 3 | 0 | 2 | 30 | 113 | 117.67 | 0 | 2 |
| History - European History | 0 | 2 | 0 | 0 | 20 | 67 | 74.00 | 0 | 2 |
| Fine Arts - Other Fine Arts | 0 | 2 | 0 | 1 | 20 | 108 | 123.00 | 0 | 2 |
| Fine Arts - Visual Fine Arts | 0 | 2 | 0 | 1 | 20 | 87 | 107.50 | 0 | 0 |
| Philosophy | 0 | 2 | 0 | 0 | 20 | 140 | 141.50 | 0 | 1 |
| Social Science | 0 | 2 | 0 | 0 | 20 | 67 | 95.50 | 0 | 2 |
| Geography | 0 | 1 | 0 | 0 | 10 | 93 | 93.00 | 0 | 1 |
| Literature - American Literature | 0 | 1 | 0 | 1 | 10 | 137 | 137.00 | 0 | 1 |
| Literature - British Literature | 0 | 1 | 0 | 1 | 10 | 96 | 96.00 | 0 | 0 |
| Religion | 0 | 1 | 1 | 0 | 5 | 71 | 71.00 | 0 | 1 |